000
00389nam a2200145Ia 4500
008
090124s9999 xx 000 0 und d
082
_b
402063
245
_a
बहिण भाऊ
250
_a
1
260
_b
सहस्त्रबुध्दे शांता
_c
1986
300
_a
64
630
_a
बहिण भाऊ
730
_a
बहिण भाऊ
942
_c
BOOK
999
_c
198523
_d
198523